| 000 | 00923nam a2200265 a 4500 | ||
|---|---|---|---|
| 003 | OSt | ||
| 005 | 20140310182459.0 | ||
| 008 | 110615s19uu xx 00 eng d | ||
| 010 | _a2005036391 | ||
| 020 | _a9780132209045 | ||
| 050 |
_aR 728.8 _b.B42 2007 |
||
| 100 |
_aBeaman, Nina _98545 |
||
| 245 |
_aPearson's administrative medical assisting / _cNina Beaman, Lorraine Fleming-McPhillips. |
||
| 260 |
_aUpper Saddle River, N.J : _bPearson/Prentice Hall, _cc2007. |
||
| 300 |
_axviii. 337 p. : _bill. ; _c28 cm. |
||
| 650 |
_aMedical assistants _98546 |
||
| 650 |
_aMedical secretaries _98547 |
||
| 650 |
_aMedical offices _xManagement _98548 |
||
| 650 |
_aPhysician Assistants _98549 |
||
| 650 |
_aPractice Management, Medical _98550 |
||
| 700 |
_aFleming-McPhillips, Lorraine _98551 |
||
| 942 |
_2lcc _cSSLC |
||
| 999 |
_c13780 _d13780 |
||